000
00289nam a22001217a 4500
008
170522b xxu||||| |||| 00| 0 eng d
041
_a
eng
080
_2
2 ED
_a
94
100
_a
16
101
_a
SHH
245
_a
AN INTRODUCTION TO THE STUDY OF POLICY
_c
JONES.CH.O
942
_2
udc
_c
BK
999
_c
13752
_d
13752